Загрузка...
Evolutionary Ecology of Animal Migration
| Главный автор: | |
|---|---|
| Формат: | Printed Book |
| Опубликовано: |
London
Hodder and Stoughton
1978
|
| LEADER | 00442nam a22001337a 4500 | ||
|---|---|---|---|
| 020 | |a 034019409X | ||
| 082 | |a 591.525 |b BAK/EV | ||
| 100 | |a Baker, R R | ||
| 245 | |a Evolutionary Ecology of Animal Migration | ||
| 260 | |a London |b Hodder and Stoughton |c 1978 | ||
| 300 | |a 1012p. |b HB | ||
| 942 | |c BK | ||
| 999 | |c 7202 |d 7202 | ||
| 952 | |0 0 |1 0 |4 0 |6 591_525000000000000_BAK_EV |7 0 |8 NFIC |9 9407 |a KUFOS |b KUFOS |c GEN |d 2016-06-25 |o 591.525 BAK/EV |p 01932 |r 2016-06-25 |w 2016-06-25 |y BK | ||